000 00499nam a2200193Ia 4500
005 20240823030331.0
008 240823s9999||||xx |||||||||||||| ||und||
020 _a81-7596-225-0
041 _aENGLISH
082 _A891.4414 P5
100 _aKrishna Dutta and Andrew Robinson
245 0 _aSelected Letters of Rabindranath Tagore
250 _a1st
260 _c2005
_b"Canbridge University Press,New york"
500 _aYES
650 _aLetters
_bGeneral
942 _cBK
999 _c188448
_d188448